000
00319nam a2200133Ia 4500
008
191201s1997 xx 000 0 und d
100
_a
MUANG Guo Rui
245
0
_a
Silk Worn Rearing
250
_a
1st
260
_a
N.Delhi
_b
Oxford and IBM Publication
_c
1997
300
_a
302
650
_a
B.Tech(TE)
942
_2
ddc
_c
BK
999
_c
2579
_d
2579